| Поле | Название | Значение |
| |
Тип записи |
i |
| |
Библиографический уровень |
m |
| 001 |
Контрольный номер |
RU/IS/BASE/445953091 |
| 005 |
Дата корректировки |
20250217114544.1 |
| 010 |
Индекс ISBN |
__ |
| a |
ISBN |
978-5-9677-1584-6 (в кор.) |
| d |
Цена |
168-75; 183-41 |
| 100 |
Данные общей обработки |
__ |
| a |
Данные общей обработки |
19141120d2011||||||| 0rusy0189 ca |
| 101 |
Язык документа |
0_ |
| a |
Язык текста |
rus |
| 102 |
Страна публикации |
__ |
| a |
Страна публикации |
ru |
| 105 |
Кодированные данные (монография) |
__ |
| a |
Кодированные данные (монография) |
an|||||||||zy |
| 127 |
Кодированные данные (звукозаписи-физические характеристики) |
__ |
| a |
Продолжительность проигрывания |
4 ч |
| 200 |
Заглавие и сведения об ответственности |
1_ |
| a |
Заглавие |
Суламифь ; Листригоны |
| e |
Сведения, относящиеся к заглавию |
[аудиокнига : 16+] |
| f |
Первые сведения об ответственности |
А. Куприн ; [текст читает В. Стукалов] |
| b |
Общее обозначение материала |
Звукозапись |
| 210 |
Выходные данные |
1_ |
| a |
Место издания |
Москва |
| c |
Издательство |
1С-Паблишинг |
| c |
Издательство |
Дистрибутор |
| d |
Дата издания |
2011 |
| 215 |
Физическое описание |
__ |
| a |
Объем |
1 электрон. опт. диск (Audio CD) |
| c |
Иллюстрации/тип воспроизводства |
mp3, stereo |
| d |
Формат |
12х14 см |
| 225 |
Серия |
2_ |
| a |
Серия |
Русская классика |
| 225 |
Серия |
2_ |
| a |
Серия |
1С: Аудиокниги |
| 230 |
Специфическая характеристика материала: электронные ресурсы |
__ |
| a |
Обозначение и объем ресурса |
Электронные звуковые данные |
| 323 |
Примечание о главных создателях, исполнителях, участниках |
__ |
| a |
Примечание о главных создателях, исполнителях, участниках |
Стукалов, В. (читает) |
| 327 |
Примечание о содержании |
0_ |
| a |
Примечание о содержании |
Листригоны |
| 330 |
Аннотация |
__ |
| a |
Аннотация |
"Суламифь" - повесть о любви, которая озаряет человеческую жизнь. Написана под впечатлением от библейской "Песни песней", основана на материале этой и ряда других ветхозаветных книг, восточных легенд и мифов. "Листригоны" - цикл очерков о черноморских рыбаках, потомках греческих колонистов. Герои произведений - простые люди, смелые и великодушные. |
| 333 |
Примечание о целевом назначении |
__ |
| a |
Примечание о целевом назначении |
16+. Для детей старше 16 лет |
| 337 |
Примечание о системных требованиях (электронные ресурсы) |
__ |
| a |
Примечание о системных требованиях (электронные ресурсы) |
Системные требования: ПК: MS Windows ; Pentium 100 ; RAM 16 Мб ; SVGA, 600х800 ; CD-ROM ; зв. карта ; колонки или наушники или аудиосистемы: музык. центр ; CD/DVD-плеер и т.д. |
| 517 |
Другие варианты заглавия |
1_ |
| a |
Другие варианты заглавия |
Листригоны |
| 606 |
Тематические рубрики |
__ |
| a |
Основная рубрика |
Художественная литература |
| 606 |
Тематические рубрики |
__ |
| a |
Основная рубрика |
Русская литература XIX в. (произведения) |
| 610 |
Ключевые слова |
0_ |
| a |
Ключевые слова |
классическая литература |
| a |
Ключевые слова |
очерки |
| a |
Ключевые слова |
повести |
| a |
Ключевые слова |
проза |
| a |
Ключевые слова |
русская классическая литература |
| a |
Ключевые слова |
тема женщины |
| a |
Ключевые слова |
тема любви |
| a |
Ключевые слова |
тема мужчины |
| a |
Ключевые слова |
тема рыбаков |
| 686 |
Индексы других классификаций |
__ |
| 2 |
Код системы |
rubbks |
| a |
Классификационный индекс |
84(2=411.2)53-4я04 |
| 700 |
Автор |
_1 |
| a |
Фамилия |
Куприн |
| b |
Имя |
А. И. |
| f |
Даты |
1870-1938 |
| g |
Полное личное имя |
Александр Иванович |
| 4 |
Код отношения |
070 |
| 801 |
Источник записи |
_0 |
| a |
Страна |
ru |
| b |
Организация |
Муниципальное бюджетное учреждение культуры "Централизованная библиотечная система" г. Сургут (Центральная городская библиотека им. А. С. Пушкина) |
| c |
Дата составления |
20141120 |
| g |
Правила каталогизации |
КиК/Апакова |
| 801 |
Источник записи |
_1 |
| a |
Страна |
ru |
| b |
Организация |
Муниципальное бюджетное учреждение культуры "Централизованная библиотечная система" г. Сургут (Центральная городская библиотека им. А. С. Пушкина) |
| c |
Дата составления |
20141120 |
| g |
Правила каталогизации |
КиК/Апакова |
| 852 |
Данные о местонахождении |
__ |
| j |
Шифр хранения |
84(2=411.2)53-4я04 |
| i |
Авторский знак |
К 92 |
| 901 |
Тип документа |
1_ |
| t |
Тип документа |
0 |
| 903 |
Характеристики (МАРС) |
__ |
| a |
Дата передачи |
20141120; 20140217 |
| 969 |
Тип издания |
__ |
| a |
Тип издания |
аудиокнига; издание для слепых |
| 990 |
Данные о заказе (DOS) |
__ |
| j |
Количество экземпляров (DOS) |
1; 6 |
| t |
N записи в КСУ для И/У (DOS) |
201411; 201402 |